| Tag |
First Indicator |
Second Indicator |
Subfields |
| LEADER |
00000cam a2200000 a 4500 |
| 001 |
in00000089493 |
| 005 |
20151008063501.0 |
| 008 |
820112s1981 enka b 00110 eng |
| 010 |
|
|
|a 81199262
|z 80040581
|
| 015 |
|
|
|a GB***
|
| 020 |
|
|
|a 0582554853 (pbk.)
|
| 020 |
|
|
|a 0582554861
|
| 035 |
|
|
|a (OCoLC)08132715
|
| 035 |
|
|
|9 AAK2329AM
|
| 039 |
0 |
|
|a 2
|b 3
|c 3
|d 3
|e 3
|
| 040 |
|
|
|a DLC
|c DLC
|d TXA
|d UtOrBLW
|
| 049 |
|
|
|a TXAM
|c [1442305]
|
| 050 |
0 |
0 |
|a P302
|b .D34
|
| 082 |
0 |
|
|a 401/.41
|2 19
|
| 100 |
1 |
|
|a De Beaugrande, Robert.
|
| 245 |
1 |
0 |
|a Introduction to text linguistics /
|c Robert-Alain de Beaugrande, Wolfgang Ulrich Dressler.
|
| 264 |
|
1 |
|a London ;
|a New York :
|b Longman,
|c 1981.
|
| 300 |
|
|
|a xv, 270 pages :
|b illustrations ;
|c 22 cm.
|
| 336 |
|
|
|a text
|b txt
|2 rdacontent
|
| 337 |
|
|
|a unmediated
|b n
|2 rdamedia
|
| 338 |
|
|
|a volume
|b nc
|2 rdacarrier
|
| 490 |
1 |
|
|a Longman linguistics library ;
|v title no. 26
|
| 500 |
|
|
|a W.U. Dressler's contributions are largely in the areas he covered in Einfuhrung in die Textlinguistik, of which the present work is a partial translation.
|
| 500 |
|
|
|a Includes indexes.
|
| 504 |
|
|
|a Bibliography: pages [225]-254.
|
| 650 |
|
0 |
|a Discourse analysis.
|
| 700 |
1 |
|
|a Dressler, Wolfgang U.,
|d 1939-
|
| 830 |
|
0 |
|a Longman linguistics library ;
|v title no. 26.
|
| 999 |
|
|
|a MARS
|
| 999 |
f |
f |
|s 3da7b7be-a64a-3bc1-9891-8b654a04bb4f
|i 86801b90-5c8c-38ad-84f3-42789decfabe
|t 0
|
| 952 |
f |
f |
|p ric
|a Texas A&M University
|b Rellis Campus
|c Joint Library Facility
|s JLF
|d Remote Storage
|t 0
|e P302 .D34
|h Library of Congress classification
|i unmediated -- volume
|m A14806172420
|
| 998 |
f |
f |
|a P302 .D34
|t 0
|l Remote Storage
|